000 00421nam a22001817a 4500
003 MPLRDC
005 20220104124721.0
008 210129b ||||| |||| 00| 0 eng d
020 _a962-303-059-2
082 _a752.716 GY
100 _a关宇
245 _a金山掌故
_c
250 _a初版
260 _a
_b香港大学出版社
_c1987
300 _b
650 _a美国地方志
942 _cBK
_o752.716 GY
999 _c21585
_d21575